Catástrofe o nueva sociedad?: modelo mundial Latinoamericano, 30 años después

Gorde:
Xehetasun bibliografikoak
Egile Nagusiak: Herrera, Amílcar O (Egilea), Scolnick, Hugo D (Egilea), Chichilnisky, Gabriela (Egilea), Gallopin, Gilberto C (Egilea), Hardoy, Jorge Enrique (Egilea), Mosovich, Diana (Egilea), Oteiza, Enrique (Egilea), Romero Brest, Gilda L de (Egilea), Suárez, Carlos E (Egilea), Talavera, Luis (Egilea)
Formatua: Liburua
Hizkuntza:gaztelania
Argitaratua: Buenos Aires Centro Internacional de Investigaciones para el Desarrollo 2004
Buenos Aires Instituto Internacional de Medio Ambiente y Desarrollo 2004
Edizioa:2a. ed
Gaiak:
Etiketak: Etiketa erantsi
Etiketarik gabe, Izan zaitez lehena erregistro honi etiketa jartzen!

MARC

LEADER 00000nam a2200000 a 4500
001 UCK5481
003 CL-VaPUC
008 050805e20040000ag |||||||||||||||||spa|d
020 |a 9879803396 
082 0 4 |a 338.9  |b HER  |2 21 
100 |a Herrera, Amílcar O  |e author  |9 494252 
700 0 |a Scolnick, Hugo D  |e author  |9 494253 
700 0 |a Chichilnisky, Gabriela  |e author  |9 494254 
700 |a Gallopin, Gilberto C  |e author  |9 494255 
700 |a Hardoy, Jorge Enrique  |e author  |9 619715 
700 0 |a Mosovich, Diana  |e author  |9 494257 
700 0 |a Oteiza, Enrique  |e author  |9 494258 
700 0 |a Romero Brest, Gilda L de  |e author  |9 494259 
700 0 |a Suárez, Carlos E  |e author  |9 494260 
700 0 |a Talavera, Luis  |e author  |9 494261 
245 1 0 |a Catástrofe o nueva sociedad?: modelo mundial Latinoamericano, 30 años después 
250 |a 2a. ed 
300 |a 162 p 
942 |c BK 
945 |d 20050805 00:00:00  |a cmena 
260 |a Buenos Aires  |b Centro Internacional de Investigaciones para el Desarrollo  |c 2004 
260 |a Buenos Aires  |b Instituto Internacional de Medio Ambiente y Desarrollo  |c 2004 
650 0 |a Desarrollo económico  |9 259599 
650 0 |a Población  |9 257577 
651 0 |a América Latina   |9 255027 
583 |a last modification  |c 20130816 03:50:56  |k Rodrigo Vera 
999 |c 313991  |d 313989 
952 |0 0  |1 0  |4 0  |6 338_900000000000000_HER_2004_2004  |7 0  |8 A  |9 385852  |a BIBHIS  |b BIBHIS  |d 2019-11-22  |i 4027604  |o 338.9 HER 2004 2004  |p 4027604  |r 2025-01-20  |w 2019-11-22  |y BK  |k HIS